| 000 -ლიდერი |
| ფიქსირებული სიგრძის საკონტროლო ველი |
01510nam a2200277Ia 4500 |
| 001 - საკონტროლო ნომერი |
| საკონტროლო ველი |
20747 |
| 003 - საკონტროლო ნომრის იდენტიფიკატორი |
| საკონტროლო ველი |
GE_BSU |
| 005 - ბოლო ოპერაციის თარიღი და დრო |
| საკონტროლო ველი |
20210326143943.0 |
| 008 - ფიქსირებული სიგრძის მონაცემთა ელემენტები - ზოგადი ინფორმაცია |
| ფიქსირებული სიგრძის საკონტროლო ველი |
181216s2017||||ge |||||||||||||| ||geo|| |
| 020 ## - წიგნის საერთაშორისო სტანდარტული ნომერი |
| International Standard Book Number |
9789941951497 |
| 040 ## - კატალოგიზაციის წყარო |
| Transcribing agency |
GE_BSU |
| 041 ## - ენის კოდი |
| Language code of text/sound track or separate title |
geo |
| 080 ## - უნივერსალური ათობითი კლასიფიკაციის ინდექსი |
| Universal Decimal Classification number |
005+339+536 ე-68 |
| 245 ## - ცნობა სათაურის შესახებ |
| Title |
ენტროპია სინერგეტიკა მენეჯმენტსა და მარკეტინგში / |
| Statement of responsibility, etc |
ი. მახარაშვილი, ლ. ბერიკაშვილი, ბ. გეჩბაია, ბ. ცხადაძე ; სამეცნ. რედ. ე. ბარათაშვილი ; რედ. ე. ცხადაძე. |
| 264 ## - წარმოების, გამოცემის, დისტრიბუციის და სხვა ცნობები |
| გამოცემის, წარმოების, დისტრიბუციის... ადგილი |
თბილისი : |
| გამოცემის, წარმოების, დისტრიბუციის... სახელწოდება |
კალმოსანი, |
| გამოცემის, წარმოების, დისტრიბუციის... თარიღი |
2017. |
| 300 ## - ფიზიკური აღწერა |
| Extent |
84 გვ. ; |
| Dimensions |
21 სმ. |
| 653 ## - INDEX TERM--UNCONTROLLED |
| Uncontrolled term |
ენტროპია სინერგეტიკა მენეჯმენტსა და მარკეტინგში |
| 700 ## - ADDED ENTRY--PERSONAL NAME |
| Personal name |
მახარაშვილი, ი. |
| Relator term |
ავტორი |
| 9 (RLIN) |
10762 |
| 700 ## - ADDED ENTRY--PERSONAL NAME |
| Personal name |
ბერიკაშვილი, ლ. |
| Relator term |
ავტორი |
| 9 (RLIN) |
10763 |
| 700 ## - ADDED ENTRY--PERSONAL NAME |
| Personal name |
გეჩბაია, ბ. |
| Relator term |
ავტორი |
| 9 (RLIN) |
10764 |
| 700 ## - ADDED ENTRY--PERSONAL NAME |
| Personal name |
ცხადაძე, ბ. |
| Relator term |
ავტორი |
| 9 (RLIN) |
6516 |
| 700 ## - ADDED ENTRY--PERSONAL NAME |
| Personal name |
ბარათაშვილი, ე. |
| Relator term |
სამეცნიერო რედაქტორი |
| 9 (RLIN) |
10765 |
| 700 ## - ADDED ENTRY--PERSONAL NAME |
| Personal name |
ცხადაძე, ე. |
| Relator term |
რედაქტორი |
| 9 (RLIN) |
10766 |
| 942 ## - ADDED ENTRY ELEMENTS (KOHA) |
| Koha item type |
წიგნი |
| Source of classification or shelving scheme |
|